00179nam a22000857a 4500040000900000100001000009245003700019260002600056300001100082 cSCME aSpier aEncyclopedia of cell technology  aNew YorkbWileyc2000 a1248p.